000 00980nam a2200337 a 4500
003 AR-BaBNM
005 20251128205535.0
008 082120s2002 ||||||||||||||000 | spa||
020 _a84-7432-182-4
040 _cAR-BaBNM
100 1 _aBirzea, César
245 0 0 _aLa pedagogía del éxito
250 _a1ª ed.
260 _aBarcelona
_bGedisa
_c1984
300 _a126 p.
_bdiagr., tablas
490 0 _aHombre y sociedad. Renovación pedagógica
500 _aContiene referencias bibliográficas en notas a pie de página
650 4 _aPEDAGOGIA
650 4 _aTEORIAS DEL APRENDIZAJE
650 4 _aEDUCACION DEL NIÑO
650 4 _aMETODOS DE ENSEÑANZA
650 4 _aRENDIMIENTO DEL ALUMNO
650 4 _aDINAMICA DE GRUPO
650 4 _aTECNICAS DE EVALUACION
653 _aFRACASO ESCOLAR
653 _aESTRATEGIAS EDUCATIVAS
700 1 _aLandman, Laura R.
_etraductor
800 1 _aTorrents, Mercedes
_edirector
942 _cBK
998 _csilvi
999 _c11802
_d11802